Κατάλογος Βιβλιοθηκών Mediterranean College

Microeconomics / Theory and Applications (Record no. 2811)

MARC details
000 -LEADER
fixed length control field 01249cam a22002054a 4500
005 - ΗΜΕΡΟΜΗΝΙΑ ΚΑΙ ΩΡΑ ΤΕΛΕΥΤΑΙΑΣ ΕΝΗΜΕΡΩΣΗΣ
Πεδίο ελέγχου 20250605164054.0
008 - FIXED-LENGTH DATA ELEMENTS--GENERAL INFORMATION
Πεδίο ελέγχου σταθερού μήκους 250528s ||||||||||||||||||||||||d
035 ## - SYSTEM CONTROL NUMBER
System control number 17388
020 ## - ISBN
ISBN 393950026
040 ## - ΠΗΓΗ ΚΑΤΑΛΟΓΟΓΡΑΦΗΣΗΣ
Φορέας πρωτότυπης καταλογογράφησης MC Athens Campus Library
Γλώσσα καταλογογράφησης Ελληνικά, Μοντέρνα (1453-)
Modifying agency MC Athens Campus Library
Κανόνες περιγραφικής καταλογογράφησης AACR2
245 1# - ΤΙΤΛΟΣ ΚΑΙ ΔΗΛΩΣΗ ΥΠΕΥΘΥΝΟΤΗΤΑΣ
Τίτλος Microeconomics / Theory and Applications
250 ## - EDITION STATEMENT
Edition statement 3rd
260 ## - PUBLICATION, DISTRIBUTION, ETC.
Name of publisher, distributor, etc. W.W. Norton & Company,
Date of publication, distribution, etc. 1979
300 ## - PHYSICAL DESCRIPTION
Extent 552
520 ## - SUMMARY, ETC.
Summary, etc. Preface, Introduction to Microeconomics, Demand and Supply, The Tastes and Preferences of the Consumer, Consumer Behavior and Individual Demand, Market Demand, The Firm and Its Technology, Optimal Input Combinations and Cost Functions, Optimal Production Decisions and Linear Programming, Price and Output under Perfect Competition, Price and Output under Pure Monopoly, Price and Output under Monopolistic Competition, Price and Output under Oligopoly, Price and Employment of Inputs under Perfect Competition, Price and Employment of Inputs under Imperfect Competition, General Equilibrium Analysis and Resource Allocation, Welfare Economics, Public Goods and Externalities and the Role of Government, Intertemporal Choice and Technological Change, Index.
700 1# - ΠΡΟΣΘΕΤΗ ΑΝΑΓΡΑΦΗ--ΦΥΣΙΚΟ ΠΡΟΣΩΠΟ
Personal name Mansfield Edwin
9 (RLIN) 3544
942 ## - ADDED ENTRY ELEMENTS (KOHA)
Koha item type Books
Holdings
Τύπος τεκμηρίου Βιβλιοθήκη Τρέχουσα τοποθεσία Barcode Αριθμός εισαγωγής Ημερομηνία απόκτησης Ταξιθετικό σύμβολο Αριθμός αντιτύπου Κατάσταση απόσυρσης Κατάσταση χαμένου Κατάσταση κατεστραμμένου Μη δανεισμός Σύνολο δανεισμών Ημερομηνία τελευταίας εμφάνισης Η τιμή ισχύει από
Books MC Athens Campus Library MC Athens Campus Library 9780000028105 1079 05/06/2025 338.5 MAN 1           05/06/2025 05/06/2025

MC Athens Campus Library
Πατησίων 94 & Κοδριγκτώνος 13, 104 34
Πελλήνης 8 & Πατησίων 107, 112 51
Τ: +30 210 8899600

MC Thessaloniki Campus Library
Ίωνος Δραγούμη 21, 54625 | Ίωνος Δραγούμη 15, 54625
Τ: +30 2310 287779 – Τ: +30 2314 440300